00297nam a2200109Ia 4500008004100000245004800041260004900089260000900138300001000147500001400157650001600171170224s9999 xx 000 0 und d aInterpersonal Relations and Group Processes bJournal of Personality and Social Psychology c2016 a111:3 aSeptember xPsychology.